00789nam a2200193 a 4500001000900000005001700009008004100026020001500067050002400082245008600106260004500192300005700237500011300294504003200407600003700439650003400476650004200510650004300552BRCA_79020190320203142.0090408s1995----sp-a---###---#000-0#spa-# a8486763940 4aZ232.P53b.C75 199510aCristóbal Plantinobun siglo de intercambios culturales entre Amberes y Madrid. aMadridbFundación Carlos Amberesc1995 a143 p.bil. (algunas a color), fotografíasc28 cm. aCatálogo de la exposición realizada en la Fundación Carlos Amberes (Madrid), 23 enero - 20 marzo, 1995 aBibliografía : p. 141-14214aPlantino, Cristóbald1520-158914aImprentaySiglo XVIzAlemania14aEncuadernaciónySiglo XVIzAlemania14aIndustria editorialySiglo XVIzEuropa